| 000 | 01185nam2a22002291 4500 | ||
|---|---|---|---|
| 001 | v19\rc\1483801 | ||
| 005 | 20250618153803.0 | ||
| 035 | _a(NLR Aleph) 004616016 | ||
| 090 |
_a2977177 _c2977177 |
||
| 100 | _a20060620f18791897|||y0rusy50 ca | ||
| 101 | 0 | _arus | |
| 102 | _aRU | ||
| 105 | _ay z ||||| | ||
| 200 | 0 | _a... за 1884 год | |
| 316 |
_aЭкз. РНБ (Desideratum): отказано. См. Отношение от 8 окт. 1897 г. за № 334 _5NLR: Desideratum |
||
| 461 | 0 |
_1001v19\rc\1483794 _12001#$aОтчет Уфимского местного управления Общества попечения о раненых и больных воинах...$v... за 1884 год _92977091 _aРоссийское общество Красного Креста. Уфимское местное управление _cУфа _d1879-1897 _tОтчет Уфимского местного управления Общества попечения о раненых и больных воинах... _v... за 1884 год |
|
| 801 | 0 |
_aRU _bNLR _gpsbo |
|
| 801 | 0 |
_aRU _bRuMoRGB _2psbo |
|
| 801 | 1 |
_aRU _bProSoft-M _2rusmarc |
|
| 852 |
_aNLR _jDesideratum |
||
| 942 | _cBOOK | ||
| 980 | _aNB | ||